000
00296 a2200121 4500
020
_a
0852974523
090
_c
170
_d
170
100
_a
Brian Coyle
245
_a
Overview of the markets
260
_a
Canterbury
_b
Financial World Publishing
_c
1988
300
_a
166 P
942
_a
NBS
_c
BK
_k
658.15 COY
999
_c
342744
_d
342744